5 letter geography - Statistics

General Stats
  • This quiz has been taken 41 times
  • The average score is 23 of 30
Answer Stats
Question Answer % Correct
6) The holiest city in Islam Mecca
100%
4) River that flows thru Paris Seine
100%
7) Term that refers to living in a city urban
100%
11) The fashion capital of Italy Milan
97%
5) The Lone Star State Texas
97%
20) The City of Lights Paris
95%
8) The opposite of the above, livingfarther out/country rural
92%
9) Capital of Bulgaria Sofia
92%
10) The longest river in Europe Volga
92%
3) Yankee Stadium is located in thisNY borough Bronx
90%
30) Potatoes are a large crop grown in this state Idaho
90%
27) Former name of the Democratic Republic of the Congo Zaire
87%
17) Empire that ruled Mexico beforethe Spanish arrival Aztec
85%
28) Great lake bordering NE Michigan and Ontario Huron
85%
25) Detroit is often called the ______ city due toits automobile history motor
85%
2) Formerly called Ayers Rock Uluru
82%
1) Site of the 1945 Allied conferencein Crimea Yalta
82%
29) Sound on which Seattle lies Puget
79%
22) Self governing islands north of Scotland belonging to Denmark Faroe
74%
23) Ancient Egyptian capital on the formersite of Thebes Luxor
72%
19) Connected to Copenhagen by theOresund bridge Malmo
72%
16) Ancient Jordan city carved into a sandstone cliff Petra
72%
12) The 2nd longest river in centralEurope Rhine
69%
15) Its capital is Sana'a Yemen
69%
26) Large lake on the California-Nevada border Tahoe
67%
18) Finnish for Finland Suomi
64%
21) 2nd most populous city in South Korea Busan
51%
24) Turkish port city once called Smyrna, foundedby Greece Izmir
46%
14) Often called the most isolated major city in the world Perth
41%
13) Major Philippine city near Mt Apo Davao
21%
No matching quizzes found
Score Distribution
Percent of People with Each Score
Percentile by Number Answered
Your Score History
You have not taken this quiz